000
00224 a2200097 4500
001
60002
100
_a
245
_a
Tareek-e-Makka Mukarma (urdu)
260
_a
Lahore
_b
Maktaba-e-Rehmania
_c
090
_c
36831
_d
36831
942
_a
NUST-CAE
_c
MONOGRAPH
_c
29815
999
_c
295075
_d
295075